| 000 | 00592nam a2200205 a 4500 | ||
|---|---|---|---|
| 001 | 2494 | ||
| 005 | 20140414131929.0 | ||
| 008 | 050602s19uu xx 00 eng d | ||
| 020 | _a81-7862-069-3 | ||
| 050 |
_aFIC _bC34 2002 |
||
| 100 | _aChoudhury, B.R. | ||
| 245 |
_aRobin Hood : _cretold by B.R. Choudhury. _bfrom British folklore / |
||
| 260 |
_aNew Delhi : _bSterling Press Private, _c2002. |
||
| 300 | _a80 p. : ill. ; cm. | ||
| 440 | _aLearners Graded Readers, level 2 | ||
| 500 | _a1250 plus headwords. | ||
| 650 | _aFoklore. | ||
| 650 | _aChildren stories. | ||
| 999 |
_c112166 _d112166 |
||